| 000 | 01951cam a2200265 a 4500 | ||
|---|---|---|---|
| 001 | 4361 | ||
| 003 | FISKH | ||
| 005 | 20240812112631.0 | ||
| 008 | 991028s2000 miuab b 001 0 eng | ||
| 010 | _a 99056682 | ||
| 020 | _a0787631280 (alk. paper) | ||
| 040 |
_aDLC _cDLC _dDLC _beng |
||
| 050 | _aPS3511.I9 | ||
| 082 | _a813.52 | ||
| 100 | _aFitzgerald, F. Scott | ||
| 245 | 0 | 0 |
_aThe great Gatsby : _cBy F. Scott Fitzgerald's |
| 260 |
_aPhnom Penh : _bFootprints International School, _c2024. |
||
| 300 |
_a193 pages : _c21 cm |
||
| 520 | _aThe year is 1922, and young Nick Carraway moves to the village of West Egg, where he discovers that his neighbor is the eclectic millionaire Jay Gatsby. As he and Gatsby become acquainted, Nick is thrown into a world full of dazzling parties, unrequited love, and unchecked idealism. Gatsby, surrounded by riches, yearns for the love of a woman who chose another man. He waits for her every night, using a green light at the end of his dock to call out to her from across the water. Daisy, stuck in a loveless marriage, dreams of what could have been-and gets a taste for it after she is re-acquainted with Gatsby through Nick. Considered by critics to be one of the greatest novels ever written, this 1925 masterpiece is a portrait of the Roaring Twenties that's full of literary intrigue, resounding metaphors, and decadent glimpses into the glitz and glam of early twentieth-century America. As relevant today as ever, it offers a cautionary tale of the American Dream, warning against the temptation to believe that enough money paired with equal desire can achieve anything-even reverse the deepest regrets. | ||
| 600 | 1 | 0 |
_aFitzgerald, F. Scott _q(Francis Scott), _d1896-1940. _tGreat Gatsby. |
| 600 | 1 | 0 |
_aFitzgerald, F. Scott _q(Francis Scott), _d1896-1940. _tGreat Gatsby _xCriticism, Textual. |
| 906 |
_a7 _bcbc _corignew _d1 _eocip _f19 _gy-gencatlg |
||
| 942 |
_2ddc _cBK _n0 |
||
| 999 |
_c4361 _d4361 |
||